Leonard Cohen Discography - Statistics

General Stats
  • This quiz has been taken 38 times
  • The average score is 13 of 30
Answer Stats
Type Year Name % Correct
Album 1969 Songs from a Room
82%
Album 1967 Songs of Leonard Cohen
79%
Album 1988 I'm Your Man
74%
Album 1971 Songs of Love and Hate
74%
Album 2016 You Want It Darker
71%
Album 1977 Death of a Ladies' Man
68%
Compilation 1975 The Best of Leonard Cohen
68%
Album 1974 New Skin for the Old Ceremony
65%
Album 1992 The Future
65%
Album 1984 Various Positions
65%
Album 2001 Ten New Songs
59%
Album 2004 Dear Heather
53%
Album 1979 Recent Songs
50%
Reissued Compilation 2009 Greatest Hits
47%
Compilation 1997 More Best of Leonard Cohen
47%
Live Album 2001 Field Commander Cohen: Tour of 1979
44%
Album 2014 Popular Problems
44%
Live Album 2009 Live in London
41%
Live Album 2014 Live in Dublin
35%
Live Album 1973 Live Songs
35%
Album 2012 Old Ideas
35%
Live Album 2009 Live at the Isle of Wight 1970
29%
Compilation 2002 The Essential Leonard Cohen
24%
Live Album 2010 Songs from the Road
21%
Live Album 1994 Cohen Live
12%
Live Album 2015 Can't Forget: A Souvenir of the Grand Tour
9%
Compilation 1989 So Long, Marianne
9%
Compilation 2008 The Collection
9%
Compilation 1980 Liebesträume – Leonard Cohen singt seine schönsten Lieder
0%
Box Set 2011 The Complete Studio Albums Collection
0%
No matching quizzes found
Score Distribution
Percent of People with Each Score
Percentile by Number Answered
Your Score History
You have not taken this quiz